Jets Players With 1000 Scrimmage Yards - Statistics

General Stats
  • This quiz has been taken 21 times
  • The average score is 27 of 67
Answer Stats
Position (Year) Yards Player % Correct
RB (2004) 1,942 Curtis Martin
89%
RB (2001) 1,833 Curtis Martin
89%
RB (1999) 1,723 Curtis Martin
89%
RB (2000) 1,712 Curtis Martin
89%
RB (1998) 1,652 Curtis Martin
89%
RB (2003) 1,570 Curtis Martin
89%
RB (2002) 1,456 Curtis Martin
89%
WR (2015) 1,502 Brandon Marshall
84%
RB (2023) 1,652 Breece Hall
79%
RB (2024) 1,359 Breece Hall
79%
WR (2024) 1,109 Garrett Wilson
68%
WR (2022) 1,107 Garrett Wilson
68%
WR (2023) 1,042 Garrett Wilson
68%
RB (2010) 1,282 LaDainian Tomlinson
68%
RB (2015) 1,287 Chris Ivory
63%
RB (1993) 1,462 Johnny Johnson
58%
RB (1994) 1,234 Johnny Johnson
58%
WR (1998) 1,191 Keyshawn Johnson
58%
WR (1999) 1,176 Keyshawn Johnson
58%
WR (1967) 1,452 Don Maynard
47%
WR (1968) 1,297 Don Maynard
47%
WR (1960) 1,265 Don Maynard
47%
WR (1965) 1,220 Don Maynard
47%
WR (1962) 1,041 Don Maynard
47%
WR (2015) 1,027 Eric Decker
42%
RB (2008) 1,519 Thomas Jones
42%
RB (2009) 1,460 Thomas Jones
42%
RB (2007) 1,336 Thomas Jones
42%
WR (1960) 1,167 Art Powell
37%
WR (1962) 1,130 Art Powell
37%
RB (2016) 1,110 Bilal Powell
37%
RB (1985) 1,758 Freeman McNeil
37%
RB (1984) 1,364 Freeman McNeil
37%
RB (1986) 1,266 Freeman McNeil
37%
RB (1988) 1,232 Freeman McNeil
37%
WR (1986) 1,173 Al Toon
32%
WR (1988) 1,072 Al Toon
32%
FB (1975) 1,368 John Riggins
32%
FB (1972) 1,174 John Riggins
32%
FB (1971) 1,000 John Riggins
32%
RB (2011) 1,265 Shonn Greene
32%
RB (2012) 1,214 Shonn Greene
32%
WR (1998) 1,083 Wayne Chrebet
32%
RB (2016) 1,076 Matt Forte
26%
WR (1978) 1,166 Wesley Walker
26%
WR (1986) 1,016 Wesley Walker
26%
WR (2002) 1,303 Laveranues Coles
21%
WR (2006) 1,112 Laveranues Coles
21%
RB (2019) 1,250 Le'Veon Bell
21%
FB (1964) 1,341 Matt Snell
21%
FB (1965) 1,027 Matt Snell
21%
WR (2003) 1.172 Santana Moss
21%
FB (1976) 1,124 Clark Gaines
16%
FB (1979) 1,124 Clark Gaines
16%
FB (1977) 1,064 Clark Gaines
16%
RB (1996) 1,330 Adrian Murrell
11%
RB (1995) 1,260 Adrian Murrell
11%
RB (1997) 1,192 Adrian Murrell
11%
WR (1963) 1,009 Bake Turner
11%
WR (1967) 1,186 George Sauer
11%
WR (1968) 1,162 George Sauer
11%
WR (1966) 1,079 George Sauer
11%
WR (2007) 1,168 Jerricho Cotchery
11%
FB (1978) 1,158 Kevin Long
11%
WR (1994) 1,007 Rob Moore
11%
HB (1962) 1,073 Dick Christy
5%
RB (1989) 1,032 Johnny Hector
5%
No matching quizzes found
Score Distribution
Percent of People with Each Score
Percentile by Number Answered
Your Score History
You have not taken this quiz